[Event "WCO2014"]
[Site "Tromso"]
[Date "2014.08.05"]
[Round "4.26"]
[WhiteID "4000803"]
[White "Jeitz Christian"]
[BlackID "3802272"]
[Black "Cori Jorge"]
[Result "1/2-1/2"]
[LiveChessVersion "1.4.3"]
[BlackElo "2630"]
[WhiteElo "2189"]

1. e4 {[%clk 1:30:57]} e6 {[%clk 1:29:23]} 2. d4 {[%clk 1:31:21]} d5
{[%clk 1:29:50]} 3. Nc3 {[%clk 1:31:46]} Bb4 {[%clk 1:30:11]} 4. e5
{[%clk 1:32:07]} c5 {[%clk 1:30:35]} 5. a3 {[%clk 1:32:32]} Bxc3+
{[%clk 1:31:01]} 6. bxc3 {[%clk 1:32:57]} Qa5 {[%clk 1:31:24]} 7. Qd2
{[%clk 1:31:56]} Nc6 {[%clk 1:31:02]} 8. Nf3 {[%clk 1:32:04]} b6 {[%clk 1:25:30]}
9. Bd3 {[%clk 1:27:18]} Ba6 {[%clk 1:25:44]} 10. O-O {[%clk 1:27:23]} cxd4
{[%clk 1:25:19]} 11. Bxa6 {[%clk 1:25:59]} Qxa6 {[%clk 1:25:33]} 12. cxd4
{[%clk 1:26:14]} Nge7 {[%clk 1:25:23]} 13. a4 {[%clk 1:18:28]} O-O
{[%clk 1:25:09]} 14. Ba3 {[%clk 1:14:17]} Rfe8 {[%clk 1:22:27]} 15. g4
{[%clk 0:57:58]} Rac8 {[%clk 1:12:25]} 16. h4 {[%clk 0:51:23]} Qc4
{[%clk 1:03:01]} 17. h5 {[%clk 0:49:46]} h6 {[%clk 1:03:15]} 18. Kh2
{[%clk 0:45:37]} Kh7 {[%clk 0:58:17]} 19. Rg1 {[%clk 0:30:39]} g5
{[%clk 0:56:15]} 20. hxg6+ {[%clk 0:29:40]} fxg6 {[%clk 0:40:52]} 21. Rh1
{[%clk 0:29:50]} Kg7 {[%clk 0:40:35]} 22. Kg2 {[%clk 0:30:04]} Ng8
{[%clk 0:39:06]} 23. Rh3 {[%clk 0:24:09]} Nd8 {[%clk 0:39:29]} 24. Rah1
{[%clk 0:18:05]} Nf7 {[%clk 0:39:24]} 25. Ne1 {[%clk 0:15:55]} Qxa4
{[%clk 0:38:07]} 26. Bc1 {[%clk 0:11:42]} Rc7 {[%clk 0:34:43]} 27. Qf4
{[%clk 0:03:55]} Rf8 {[%clk 0:32:58]} 28. Ba3 {[%clk 0:03:47]} Rfc8
{[%clk 0:33:12]} 29. Bd6 {[%clk 0:02:53]} Rc4 {[%clk 0:29:11]} 30. Nf3
{[%clk 0:02:33]} Qxc2 {[%clk 0:28:13]} 31. Rxh6 {[%clk 0:00:40]} Ngxh6
{[%clk 0:22:25]} 32. Qf6+ {[%clk 0:00:50]} Kg8 {[%clk 0:22:48]} 33. Rxh6
{[%clk 0:00:58]} Nxh6 {[%clk 0:22:24]} 34. Qxe6+ {[%clk 0:01:26]} Kh8
{[%clk 0:10:05]} 35. Qf6+ {[%clk 0:01:55]} Kg8 {[%clk 0:10:25]} 36. Qe6+
{[%clk 0:02:23]} Kh8 {[%clk 0:10:49]} 37. Qf6+ {[%clk 0:02:45]} Kg8
{[%clk 0:11:15]} 1/2-1/2

[Event "WCO2014"]
[Site "Tromso"]
[Date "2014.08.05"]
[Round "4.25"]
[WhiteID "3801969"]
[White "Cruz Cristhian"]
[BlackID "4000714"]
[Black "Gengler Pierre"]
[Result "1-0"]
[LiveChessVersion "1.4.3"]
[BlackElo "2173"]
[WhiteElo "2553"]

1. d4 {[%clk 1:30:57]} d5 {[%clk 1:30:52]} 2. c4 {[%clk 1:31:16]} c6
{[%clk 1:31:18]} 3. Nf3 {[%clk 1:31:24]} Nf6 {[%clk 1:31:41]} 4. e3
{[%clk 1:31:38]} e6 {[%clk 1:28:23]} 5. Qc2 {[%clk 1:31:39]} Ne4 {[%clk 1:28:07]}
6. Be2 {[%clk 1:26:26]} Nd7 {[%clk 1:25:26]} 7. O-O {[%clk 1:25:53]} f5
{[%clk 1:25:25]} 8. b3 {[%clk 1:24:23]} Be7 {[%clk 1:24:17]} 9. Bb2
{[%clk 1:22:22]} O-O {[%clk 1:24:39]} 10. Nbd2 {[%clk 1:22:38]} Ndf6
{[%clk 1:24:50]} 11. Ne5 {[%clk 1:22:39]} Bd7 {[%clk 1:24:41]} 12. Nxd7
{[%clk 1:14:45]} Qxd7 {[%clk 1:23:43]} 13. Nf3 {[%clk 1:15:02]} Qe8
{[%clk 1:15:24]} 14. Ne5 {[%clk 1:14:05]} Nd7 {[%clk 1:11:58]} 15. f3
{[%clk 1:11:49]} Nef6 {[%clk 1:08:20]} 16. Kh1 {[%clk 0:58:04]} Rc8
{[%clk 1:06:34]} 17. Qd2 {[%clk 0:54:58]} Qd8 {[%clk 1:03:29]} 18. Rac1
{[%clk 0:55:01]} Qb6 {[%clk 0:51:00]} 19. Nd3 {[%clk 0:50:56]} Rfe8
{[%clk 0:39:49]} 20. b4 {[%clk 0:48:08]} a6 {[%clk 0:37:22]} 21. a4
{[%clk 0:46:40]} Qa7 {[%clk 0:37:09]} 22. c5 {[%clk 0:44:10]} b5 {[%clk 0:30:38]}
23. cxb6 {[%clk 0:38:40]} Qxb6 {[%clk 0:28:15]} 24. Rc2 {[%clk 0:36:27]} a5
{[%clk 0:19:33]} 25. bxa5 {[%clk 0:36:07]} Qa7 {[%clk 0:19:25]} 26. Rfc1
{[%clk 0:36:03]} c5 {[%clk 0:19:24]} 27. dxc5 {[%clk 0:35:33]} Nxc5
{[%clk 0:16:27]} 28. Bd4 {[%clk 0:35:17]} Nfd7 {[%clk 0:16:15]} 29. Nxc5
{[%clk 0:35:26]} Nxc5 {[%clk 0:12:37]} 30. Qb4 {[%clk 0:35:17]} Kf7
{[%clk 0:02:25]} 31. Bxc5 {[%clk 0:35:26]} Rxc5 {[%clk 0:02:40]} 32. Rxc5
{[%clk 0:35:43]} Rb8 {[%clk 0:02:51]} 33. Bb5 {[%clk 0:35:55]} Rc8
{[%clk 0:01:00]} 34. Rxc8 {[%clk 0:36:17]} 1-0

[Event "WCO2014"]
[Site "Tromso"]
[Date "2014.08.05"]
[Round "4.1"]
[WhiteID "9400346"]
[White "Al Qudaimi Basheer"]
[BlackID "4500024"]
[Black "Ladva Ottomar"]
[Result "0-1"]
[LiveChessVersion "1.4.3"]
[BlackElo "2387"]
[WhiteElo "2396"]

1. e4 {[%clk 1:30:57]} c5 {[%clk 1:30:56]} 2. c3 {[%clk 1:31:04]} d5
{[%clk 1:31:18]} 3. exd5 {[%clk 1:31:25]} Qxd5 {[%clk 1:31:44]} 4. d4
{[%clk 1:31:43]} Nf6 {[%clk 1:31:59]} 5. Nf3 {[%clk 1:31:59]} e6 {[%clk 1:32:19]}
6. Na3 {[%clk 1:31:18]} Nc6 {[%clk 1:32:23]} 7. Be2 {[%clk 1:26:38]} cxd4
{[%clk 1:21:28]} 8. Nb5 {[%clk 1:25:59]} Qd8 {[%clk 1:21:47]} 9. Nbxd4
{[%clk 1:23:22]} Bd7 {[%clk 1:09:47]} 10. Nxc6 {[%clk 1:14:46]} Bxc6
{[%clk 1:10:08]} 11. Ne5 {[%clk 1:11:45]} Qxd1+ {[%clk 1:07:03]} 12. Bxd1
{[%clk 1:06:44]} Bxg2 {[%clk 1:04:12]} 13. Ba4+ {[%clk 1:06:13]} Ke7
{[%clk 1:04:06]} 14. Rg1 {[%clk 1:05:31]} Be4 {[%clk 0:45:08]} 15. Be3
{[%clk 0:54:34]} Rc8 {[%clk 0:39:04]} 16. Bxa7 {[%clk 0:47:05]} g6
{[%clk 0:28:07]} 17. f3 {[%clk 0:43:19]} Bf5 {[%clk 0:22:03]} 18. Rd1
{[%clk 0:37:51]} Bh6 {[%clk 0:20:45]} 19. Bd4 {[%clk 0:26:42]} Rhd8
{[%clk 0:19:38]} 20. Kf2 {[%clk 0:25:29]} Nd5 {[%clk 0:18:29]} 21. Ng4
{[%clk 0:19:00]} Bg5 {[%clk 0:17:42]} 22. Bb5 {[%clk 0:08:42]} Nf4
{[%clk 0:14:43]} 23. Kg3 {[%clk 0:07:46]} Rd5 {[%clk 0:09:52]} 24. a4
{[%clk 0:07:35]} h5 {[%clk 0:07:59]} 25. h4 {[%clk 0:04:05]} Rxb5
{[%clk 0:08:11]} 26. hxg5 Ne2+ {[%clk 0:08:20]} 27. Kh4 {[%clk 0:01:17]} Nxg1
{[%clk 0:06:54]} 28. Bf6+ {[%clk 0:01:34]} Ke8 {[%clk 0:07:00]} 29. Rxg1
{[%clk 0:00:50]} Rxb2 {[%clk 0:07:13]} 30. Ne5 {[%clk 0:00:45]} Rb1
{[%clk 0:06:31]} 31. Rg2 {[%clk 0:00:52]} Rh1+ {[%clk 0:06:56]} 32. Kg3
{[%clk 0:01:20]} Rh3+ {[%clk 0:05:57]} 33. Kf4 {[%clk 0:01:40]} Rh4+
{[%clk 0:06:14]} 34. Kg3 {[%clk 0:02:03]} Rxa4 {[%clk 0:06:39]} 35. Rd2
{[%clk 0:02:19]} h4+ {[%clk 0:07:05]} 36. Kh2 {[%clk 0:02:47]} Rca8
{[%clk 0:07:14]} 37. Rd7 {[%clk 0:02:21]} Ra2+ {[%clk 0:06:59]} 38. Kg1
{[%clk 0:02:49]} Ra1+ {[%clk 0:06:23]} 39. Kf2 {[%clk 0:03:17]} R8a2+
{[%clk 0:06:33]} 40. Ke3 {[%clk 0:03:34]} Re1+ {[%clk 0:06:43]} 41. Kf4
{[%clk 0:04:00]} Ra4+ {[%clk 0:06:47]} 0-1

[Event "WCO2014"]
[Site "Tromso"]
[Date "2014.08.05"]
[Round "4.2"]
[WhiteID "4500547"]
[White "Seeman Tarvo"]
[BlackID "9400176"]
[Black "Al Badani Abdu"]
[Result "1-0"]
[LiveChessVersion "1.4.3"]
[BlackElo "2180"]
[WhiteElo "2392"]

1. Nf3 {[%clk 1:30:54]} c5 {[%clk 1:30:24]} 2. g3 {[%clk 1:27:38]} Nf6
{[%clk 1:30:19]} 3. Bg2 {[%clk 1:27:57]} Nc6 {[%clk 1:30:15]} 4. O-O
{[%clk 1:28:12]} d5 {[%clk 1:28:52]} 5. d4 {[%clk 1:27:33]} cxd4 {[%clk 1:29:08]}
6. Nxd4 {[%clk 1:27:56]} e5 {[%clk 1:28:49]} 7. Nxc6 {[%clk 1:28:07]} bxc6
{[%clk 1:29:17]} 8. c4 {[%clk 1:28:21]} Be7 {[%clk 1:29:07]} 9. Nc3
{[%clk 1:22:05]} Bb7 {[%clk 1:24:58]} 10. cxd5 {[%clk 1:19:15]} cxd5
{[%clk 1:24:13]} 11. Qa4+ {[%clk 1:18:25]} Qd7 {[%clk 1:24:23]} 12. Qxd7+
{[%clk 1:17:16]} Kxd7 {[%clk 1:24:37]} 13. Rd1 {[%clk 1:05:11]} Ke6
{[%clk 1:21:34]} 14. Bg5 {[%clk 1:01:15]} Rhd8 {[%clk 1:20:32]} 15. Bh3+
{[%clk 0:54:56]} Kd6 {[%clk 1:20:22]} 16. Rac1 {[%clk 0:52:20]} Bc6
{[%clk 1:14:57]} 17. f4 {[%clk 0:40:39]} e4 {[%clk 1:05:04]} 18. Bxf6
{[%clk 0:36:28]} gxf6 {[%clk 1:03:44]} 19. Nxe4+ {[%clk 0:36:44]} Kc7
{[%clk 1:04:09]} 20. Nc3 {[%clk 0:36:01]} Bc5+ {[%clk 1:02:39]} 21. Kf1
{[%clk 0:36:14]} Be3 {[%clk 1:01:02]} 22. Nxd5+ {[%clk 0:33:53]} Rxd5
{[%clk 1:00:05]} 23. Rxc6+ {[%clk 0:34:07]} Kxc6 {[%clk 0:59:53]} 24. Rxd5
{[%clk 0:34:20]} Kxd5 {[%clk 0:55:54]} 25. Bg2+ {[%clk 0:34:42]} Kd4
{[%clk 0:56:09]} 26. Bxa8 {[%clk 0:34:59]} Bc1 {[%clk 0:56:18]} 27. b4
{[%clk 0:27:37]} Kc4 {[%clk 0:53:34]} 28. Kf2 {[%clk 0:25:45]} Kxb4
{[%clk 0:51:51]} 29. Bd5 {[%clk 0:26:01]} Kc5 {[%clk 0:51:57]} 30. Bxf7
{[%clk 0:26:23]} Kd4 {[%clk 0:52:20]} 31. Kf3 {[%clk 0:26:03]} Be3
{[%clk 0:52:31]} 32. Bb3 {[%clk 0:22:50]} Bg1 {[%clk 0:51:24]} 33. e4
{[%clk 0:20:02]} a5 {[%clk 0:50:26]} 34. h3 {[%clk 0:14:08]} h6 {[%clk 0:50:23]}
35. h4 {[%clk 0:14:21]} Kc5 {[%clk 0:50:05]} 36. e5 {[%clk 0:12:46]} Bd4
{[%clk 0:49:46]} 37. exf6 {[%clk 0:11:25]} Bxf6 {[%clk 0:50:14]} 38. Ke4
{[%clk 0:11:01]} Bc3 {[%clk 0:50:15]} 39. g4 {[%clk 0:08:57]} Kd6
{[%clk 0:49:41]} 40. g5 {[%clk 0:08:31]} hxg5 {[%clk 0:49:49]} 41. fxg5
{[%clk 0:06:37]} Ke7 {[%clk 0:49:37]} 42. Kf5 {[%clk 0:06:46]} Kf8
{[%clk 0:49:48]} 43. Kg6 {[%clk 0:06:56]} Be1 {[%clk 0:48:48]} 44. h5
{[%clk 0:07:20]} Bd2 {[%clk 0:49:00]} 45. h6 {[%clk 0:07:40]} Bc1
{[%clk 0:49:00]} 46. Kh5 {[%clk 0:08:03]} Bb2 {[%clk 0:48:10]} 1-0

[Event "WCO2014"]
[Site "Tromso"]
[Date "2014.08.05"]
[Round "4.3"]
[WhiteID "9400273"]
[White "Al-Hadarani Hatim"]
[BlackID "4501764"]
[Black "Vovk Ilja"]
[Result "1-0"]
[LiveChessVersion "1.4.3"]
[BlackElo "2289"]
[WhiteElo "2254"]

1. d4 {[%clk 1:30:53]} Nf6 {[%clk 1:30:57]} 2. Bg5 {[%clk 1:30:06]} Ne4
{[%clk 1:31:20]} 3. Bf4 {[%clk 1:30:24]} d6 {[%clk 1:31:45]} 4. f3
{[%clk 1:29:52]} Nf6 {[%clk 1:32:04]} 5. e4 {[%clk 1:29:12]} Nbd7
{[%clk 1:32:28]} 6. Be3 {[%clk 1:20:44]} e5 {[%clk 1:32:14]} 7. d5
{[%clk 1:15:25]} Be7 {[%clk 1:31:45]} 8. Qd2 {[%clk 1:13:30]} O-O
{[%clk 1:30:18]} 9. Nc3 {[%clk 1:10:57]} c5 {[%clk 1:27:00]} 10. g4
{[%clk 1:05:03]} a6 {[%clk 1:21:38]} 11. a4 Rb8 {[%clk 1:21:01]} 12. Nge2
{[%clk 1:03:09]} Ne8 {[%clk 1:13:41]} 13. g5 {[%clk 1:01:06]} f5 {[%clk 1:05:05]}
14. exf5 {[%clk 0:59:33]} Rxf5 {[%clk 1:05:22]} 15. h4 {[%clk 0:57:21]} Rxf3
{[%clk 1:02:42]} 16. Bg2 {[%clk 0:57:18]} Rf8 {[%clk 1:01:45]} 17. Be4
{[%clk 0:57:17]} c4 {[%clk 1:01:25]} 18. b4 {[%clk 0:53:53]} a5 {[%clk 0:59:35]}
19. b5 {[%clk 0:36:12]} Nc5 {[%clk 0:57:13]} 20. Bg2 {[%clk 0:36:01]} Bg4
{[%clk 0:46:26]} 21. O-O-O {[%clk 0:35:59]} Qd7 {[%clk 0:44:20]} 22. Rhf1
{[%clk 0:32:29]} Rxf1 {[%clk 0:40:26]} 23. Rxf1 {[%clk 0:32:28]} g6
{[%clk 0:28:22]} 24. Ng3 {[%clk 0:30:31]} Ng7 {[%clk 0:27:20]} 25. Bxc5
{[%clk 0:29:28]} dxc5 {[%clk 0:27:32]} 26. Nge4 {[%clk 0:27:03]} Nh5
{[%clk 0:19:55]} 27. d6 {[%clk 0:27:06]} Bf8 {[%clk 0:19:36]} 28. Nd5
{[%clk 0:20:52]} Bg7 {[%clk 0:16:34]} 29. Nxc5 {[%clk 0:15:05]} Qd8
{[%clk 0:16:16]} 30. Ne7+ {[%clk 0:13:28]} Kh8 {[%clk 0:16:38]} 31. Nxb7
{[%clk 0:11:01]} Qb6 {[%clk 0:13:09]} 32. Qf2 {[%clk 0:09:45]} Qd4
{[%clk 0:03:06]} 33. Qxd4 {[%clk 0:09:50]} exd4 {[%clk 0:03:35]} 34. Kb1
{[%clk 0:04:00]} d3 {[%clk 0:03:06]} 35. cxd3 {[%clk 0:03:55]} cxd3
{[%clk 0:03:29]} 36. Nc5 {[%clk 0:01:21]} d2 {[%clk 0:01:10]} 37. Kc2
{[%clk 0:01:37]} Ng3 {[%clk 0:00:36]} 38. Rb1 {[%clk 0:01:22]} d1=Q+
{[%clk 0:00:38]} 39. Rxd1 {[%clk 0:01:50]} Bxd1+ {[%clk 0:01:05]} 40. Kxd1
{[%clk 0:02:04]} Nf5 {[%clk 0:00:37]} 41. Nxf5 {[%clk 0:00:34]} gxf5
{[%clk 0:30:02]} 42. Ne6 {[%clk 0:24:39]} Bf8 {[%clk 0:29:52]} 43. d7
{[%clk 0:24:51]} Be7 {[%clk 0:30:17]} 44. Bd5 {[%clk 0:23:56]} h6
{[%clk 0:22:12]} 45. g6 {[%clk 0:21:18]} Bxh4 {[%clk 0:22:28]} 46. b6
{[%clk 0:20:42]} Bf6 {[%clk 0:09:05]} 47. b7 {[%clk 0:20:01]} h5 {[%clk 0:07:57]}
48. Ke2 {[%clk 0:19:27]} h4 {[%clk 0:07:40]} 49. Kf3 {[%clk 0:19:36]} Be7
{[%clk 0:05:15]} 50. Kf4 {[%clk 0:19:31]} Kg8 {[%clk 0:05:18]} 51. Kxf5
{[%clk 0:18:49]} h3 {[%clk 0:05:42]} 52. d8=Q+ Bxd8 {[%clk 0:06:10]} 53. Nxd8+
{[%clk 0:15:11]} Kg7 {[%clk 0:05:11]} 54. Ne6+ {[%clk 0:15:28]} Kh6
{[%clk 0:05:31]} 55. Kf6 {[%clk 0:13:29]} h2 {[%clk 0:05:21]} 56. Kf7
{[%clk 0:13:04]} 1-0

[Event "WCO2014"]
[Site "Tromso"]
[Date "2014.08.05"]
[Round "4.4"]
[WhiteID "4501101"]
[White "Krupenski Juri"]
[BlackID "9400338"]
[Black "Al-Aqrabi Saleh"]
[Result "0-1"]
[LiveChessVersion "1.4.3"]
[BlackElo "2139"]
[WhiteElo "2277"]

1. d4 {[%clk 1:30:54]} d5 {[%clk 1:30:54]} 2. Nf3 {[%clk 1:30:58]} c6
{[%clk 1:31:11]} 3. c4 {[%clk 1:30:56]} Nf6 {[%clk 1:29:58]} 4. e3
{[%clk 1:31:02]} a6 {[%clk 1:28:30]} 5. Bd3 {[%clk 1:31:28]} b5 {[%clk 1:27:40]}
6. b3 {[%clk 1:29:03]} Bg4 {[%clk 1:27:08]} 7. Nbd2 {[%clk 1:29:18]} e6
{[%clk 1:26:06]} 8. Qc2 {[%clk 1:27:59]} Nbd7 {[%clk 1:21:47]} 9. Bb2
{[%clk 1:24:57]} Bxf3 {[%clk 1:11:35]} 10. Nxf3 {[%clk 1:24:02]} Bb4+
{[%clk 1:10:38]} 11. Ke2 {[%clk 1:17:30]} O-O {[%clk 1:09:40]} 12. c5
{[%clk 1:07:25]} h6 {[%clk 1:08:27]} 13. Rhg1 {[%clk 0:58:28]} Kh8
{[%clk 1:01:53]} 14. g4 {[%clk 0:58:32]} Ng8 {[%clk 1:00:16]} 15. Rg3
{[%clk 0:41:50]} g6 {[%clk 0:46:47]} 16. Rh3 {[%clk 0:39:24]} Kg7
{[%clk 0:45:44]} 17. Ne5 {[%clk 0:39:51]} Ne7 {[%clk 0:40:10]} 18. Rg1
{[%clk 0:35:24]} Qe8 {[%clk 0:38:39]} 19. f4 {[%clk 0:33:39]} f6 {[%clk 0:37:23]}
20. Nf3 {[%clk 0:32:10]} Rh8 {[%clk 0:35:53]} 21. Rhg3 {[%clk 0:31:56]} Ba5
{[%clk 0:35:15]} 22. h4 {[%clk 0:25:29]} Bc7 {[%clk 0:35:02]} 23. Kd1
{[%clk 0:25:29]} Qf7 {[%clk 0:33:02]} 24. R3g2 {[%clk 0:24:09]} Rag8
{[%clk 0:32:39]} 25. h5 {[%clk 0:20:05]} g5 {[%clk 0:32:15]} 26. Rf1
{[%clk 0:19:39]} Qe8 {[%clk 0:26:44]} 27. Bc1 {[%clk 0:18:28]} Rf8
{[%clk 0:26:31]} 28. Bd2 {[%clk 0:16:32]} Rhg8 {[%clk 0:25:06]} 29. Bh7
{[%clk 0:16:39]} Rh8 {[%clk 0:25:35]} 30. Bd3 {[%clk 0:17:00]} Qb8
{[%clk 0:23:58]} 31. Qc1 {[%clk 0:16:00]} Rhg8 {[%clk 0:23:47]} 32. Kc2
{[%clk 0:11:25]} Kh8 {[%clk 0:22:05]} 33. Kb1 {[%clk 0:11:41]} Rg7
{[%clk 0:20:11]} 34. Rgf2 {[%clk 0:11:32]} gxf4 {[%clk 0:18:10]} 35. Rg1
{[%clk 0:08:38]} e5 {[%clk 0:11:51]} 36. Bf5 {[%clk 0:05:19]} Nxf5
{[%clk 0:09:00]} 37. gxf5 {[%clk 0:05:47]} Rxg1 {[%clk 0:06:06]} 38. Qxg1
{[%clk 0:05:17]} Rg8 {[%clk 0:05:23]} 39. Qh1 {[%clk 0:04:56]} e4
{[%clk 0:04:11]} 40. Nh4 {[%clk 0:05:18]} f3 {[%clk 0:04:33]} 41. Ng6+
{[%clk 0:05:28]} Kh7 {[%clk 0:04:34]} 42. Rf1 {[%clk 0:26:26]} b4
{[%clk 0:29:21]} 43. Qh3 {[%clk 0:22:01]} Qb5 {[%clk 0:29:10]} 44. Kc1
{[%clk 0:17:59]} Bh2 {[%clk 0:17:27]} 45. Rh1 {[%clk 0:09:05]} f2
{[%clk 0:16:51]} 46. Qf1 {[%clk 0:07:46]} Bg1 {[%clk 0:16:34]} 47. Rxg1
{[%clk 0:07:44]} fxg1=Q {[%clk 0:15:13]} 48. Qxg1 {[%clk 0:08:13]} a5
{[%clk 0:14:13]} 49. Qf2 {[%clk 0:06:05]} Rg7 {[%clk 0:12:37]} 50. Qf4
{[%clk 0:06:11]} Qe2 {[%clk 0:09:52]} 51. Qc7 {[%clk 0:04:29]} Qf1+
{[%clk 0:09:45]} 52. Kc2 {[%clk 0:04:40]} Qxf5 {[%clk 0:10:03]} 53. Qxc6
{[%clk 0:04:30]} Qxh5 {[%clk 0:10:02]} 54. Nf4 {[%clk 0:04:56]} Qf5
{[%clk 0:06:15]} 55. Nxd5 {[%clk 0:04:35]} h5 {[%clk 0:06:05]} 56. Qd6
{[%clk 0:04:20]} Qf1 {[%clk 0:05:15]} 57. Qh2 {[%clk 0:01:54]} Rg1
{[%clk 0:04:14]} 58. Nc3 {[%clk 0:02:03]} bxc3 {[%clk 0:04:19]} 59. Kxc3
{[%clk 0:02:32]} Rh1 {[%clk 0:03:33]} 0-1

[Event "WCO2014"]
[Site "Tromso"]
[Date "2014.08.05"]
[Round "4.24"]
[WhiteID "922412"]
[White "Djukic Nikola"]
[BlackID "6700284"]
[Black "Arias Lemnys A."]
[Result "1-0"]
[LiveChessVersion "1.4.3"]
[BlackElo "2329"]
[WhiteElo "2521"]

1. e4 {[%clk 1:30:57]} c5 {[%clk 1:30:54]} 2. Nf3 {[%clk 1:31:21]} d6
{[%clk 1:31:11]} 3. d4 {[%clk 1:31:45]} cxd4 {[%clk 1:31:38]} 4. Nxd4
{[%clk 1:32:10]} Nf6 {[%clk 1:32:00]} 5. Nc3 {[%clk 1:32:33]} a6 {[%clk 1:32:26]}
6. Be3 {[%clk 1:32:59]} e5 {[%clk 1:32:51]} 7. Nb3 {[%clk 1:33:22]} Be6
{[%clk 1:32:32]} 8. h3 {[%clk 1:33:47]} Be7 {[%clk 1:31:03]} 9. Qf3
{[%clk 1:34:02]} O-O {[%clk 1:30:09]} 10. O-O-O {[%clk 1:34:24]} b5
{[%clk 1:30:08]} 11. g4 {[%clk 1:34:41]} b4 {[%clk 1:30:29]} 12. Nd5
{[%clk 1:35:05]} Nxd5 {[%clk 1:30:49]} 13. exd5 {[%clk 1:35:29]} Bc8
{[%clk 1:31:14]} 14. Bd3 {[%clk 1:35:31]} a5 {[%clk 1:30:14]} 15. Nd2
{[%clk 1:35:02]} Ba6 {[%clk 1:29:13]} 16. Bxa6 {[%clk 1:28:44]} Rxa6
{[%clk 1:26:02]} 17. Ne4 {[%clk 1:28:17]} Qc8 {[%clk 1:11:08]} 18. Kb1
{[%clk 1:21:42]} f5 {[%clk 0:53:52]} 19. gxf5 {[%clk 1:22:05]} Qxf5
{[%clk 0:54:20]} 20. Qxf5 {[%clk 1:15:44]} Rxf5 {[%clk 0:54:39]} 21. Rc1
{[%clk 1:16:11]} Nd7 {[%clk 0:54:45]} 22. c3 {[%clk 1:16:16]} Rf8
{[%clk 0:46:21]} 23. Rhd1 {[%clk 1:08:27]} Rfa8 {[%clk 0:23:39]} 24. Rd2
{[%clk 0:58:58]} Nf6 {[%clk 0:16:31]} 25. Ng5 {[%clk 0:54:30]} h6
{[%clk 0:16:43]} 26. Ne6 {[%clk 0:54:29]} bxc3 {[%clk 0:16:39]} 27. bxc3
{[%clk 0:54:22]} Rc8 {[%clk 0:13:51]} 28. c4 {[%clk 0:53:40]} Raa8
{[%clk 0:12:20]} 29. Rb2 {[%clk 0:49:11]} Kf7 {[%clk 0:09:23]} 30. a4
{[%clk 0:45:21]} Ne8 {[%clk 0:07:43]} 31. f4 {[%clk 0:39:08]} exf4
{[%clk 0:05:33]} 32. Bxf4 {[%clk 0:39:31]} Nc7 {[%clk 0:05:58]} 33. Nd4
{[%clk 0:32:11]} Na6 {[%clk 0:04:21]} 34. Nf5 {[%clk 0:28:17]} Nc5
{[%clk 0:01:25]} 35. Nxd6+ {[%clk 0:26:53]} Bxd6 {[%clk 0:00:43]} 36. Bxd6
{[%clk 0:27:16]} Nd3 {[%clk 0:00:37]} 37. Rb7+ {[%clk 0:27:36]} Kg8
{[%clk 0:01:06]} 38. Rc3 {[%clk 0:26:39]} 1-0

[Event "WCO2014"]
[Site "Tromso"]
[Date "2014.08.05"]
[Round "4.23"]
[WhiteID "6700640"]
[White "Arias Daniel"]
[BlackID "900885"]
[Black "Blagojevic Dragisa"]
[Result "1/2-1/2"]
[LiveChessVersion "1.4.3"]
[BlackElo "2505"]
[WhiteElo "2126"]

1. e4 {[%clk 1:30:08]} e5 {[%clk 1:30:55]} 2. Nf3 {[%clk 1:30:14]} Nc6
{[%clk 1:31:17]} 3. Bb5 {[%clk 1:29:36]} a6 {[%clk 1:31:41]} 4. Ba4
{[%clk 1:30:01]} Nge7 {[%clk 1:32:03]} 5. c3 {[%clk 1:26:08]} g6 {[%clk 1:32:16]}
6. O-O {[%clk 1:25:16]} Bg7 {[%clk 1:32:41]} 7. d4 {[%clk 1:24:27]} exd4
{[%clk 1:33:02]} 8. cxd4 {[%clk 1:24:48]} b5 {[%clk 1:33:25]} 9. Bb3
{[%clk 1:23:50]} O-O {[%clk 1:33:39]} 10. Nc3 {[%clk 1:21:19]} Na5
{[%clk 1:33:58]} 11. Bc2 {[%clk 1:21:26]} d6 {[%clk 1:34:21]} 12. h3
{[%clk 1:21:29]} c5 {[%clk 1:34:24]} 13. Bg5 {[%clk 1:14:14]} h6 {[%clk 1:32:54]}
14. Bh4 {[%clk 1:12:59]} g5 {[%clk 1:30:35]} 15. Bg3 {[%clk 1:10:18]} cxd4
{[%clk 1:28:31]} 16. Nxd4 {[%clk 1:10:21]} Nc4 {[%clk 1:28:47]} 17. Rb1
{[%clk 1:10:03]} Qb6 {[%clk 1:18:38]} 18. Nde2 {[%clk 1:07:15]} Bb7
{[%clk 1:09:07]} 19. Qd3 {[%clk 1:00:02]} Ne5 {[%clk 0:50:58]} 20. Qd2
{[%clk 0:57:29]} Nc4 {[%clk 0:46:33]} 21. Qd3 {[%clk 0:57:49]} Ne5
{[%clk 0:40:27]} 22. Qd2 {[%clk 0:54:24]} Nc4 {[%clk 0:36:40]} 23. Qd3
{[%clk 0:52:05]} Ne5 {[%clk 0:36:35]} 1/2-1/2

[Event "WCO2014"]
[Site "Tromso"]
[Date "2014.08.05"]
[Round "4.22"]
[WhiteID "900290"]
[White "Kosic Dragan"]
[BlackID "6700187"]
[Black "Burgos Figueroa Carlos E."]
[Result "1-0"]
[LiveChessVersion "1.4.3"]
[BlackElo "2258"]
[WhiteElo "2486"]

1. d4 {[%clk 1:30:55]} c5 {[%clk 1:29:25]} 2. d5 {[%clk 1:29:46]} Nf6
{[%clk 1:29:36]} 3. Nc3 {[%clk 1:30:08]} d6 {[%clk 1:28:15]} 4. e4
{[%clk 1:30:31]} g6 {[%clk 1:28:43]} 5. Nf3 {[%clk 1:30:31]} Bg4 {[%clk 1:29:11]}
6. h3 {[%clk 1:30:46]} Bxf3 {[%clk 1:29:37]} 7. Qxf3 {[%clk 1:31:08]} Nbd7
{[%clk 1:30:05]} 8. Be2 {[%clk 1:30:21]} Bg7 {[%clk 1:30:29]} 9. O-O
{[%clk 1:30:45]} O-O {[%clk 1:30:55]} 10. a4 {[%clk 1:29:48]} Ne8
{[%clk 1:30:57]} 11. Qg3 {[%clk 1:29:05]} Nc7 {[%clk 1:31:17]} 12. Bg5
{[%clk 1:28:52]} Na6 {[%clk 1:31:33]} 13. Nd1 {[%clk 1:22:57]} Rb8
{[%clk 1:27:18]} 14. Qh4 {[%clk 1:19:55]} Bf6 {[%clk 1:27:04]} 15. Bxf6
{[%clk 1:15:34]} exf6 {[%clk 1:24:37]} 16. Ne3 {[%clk 1:14:48]} Nc7
{[%clk 0:57:06]} 17. Bg4 {[%clk 1:08:38]} Ne8 {[%clk 0:54:14]} 18. Ra3
{[%clk 1:07:14]} Kg7 {[%clk 0:52:14]} 19. f4 {[%clk 1:03:30]} h5 {[%clk 0:46:55]}
20. Be2 {[%clk 0:45:04]} a6 {[%clk 0:41:01]} 21. Nf5+ {[%clk 0:42:17]} Kg8
{[%clk 0:34:00]} 22. Bxh5 {[%clk 0:40:49]} gxf5 {[%clk 0:33:15]} 23. Rg3+
{[%clk 0:40:23]} Ng7 {[%clk 0:33:34]} 24. Be2 {[%clk 0:39:43]} Re8
{[%clk 0:33:39]} 25. Qh6 {[%clk 0:39:58]} Kf8 {[%clk 0:34:05]} 26. Rxg7
{[%clk 0:40:11]} Ke7 {[%clk 0:34:23]} 27. Rxf7+ {[%clk 0:40:22]} Kxf7
{[%clk 0:34:09]} 28. Qh7+ {[%clk 0:39:20]} Kf8 {[%clk 0:34:33]} 29. Qh8+
{[%clk 0:39:28]} 1-0